A-Z: Answers containing "Last" - Statistics

General Stats
  • This quiz has been taken 6 times
  • The average score is 5 of 26
Answer Stats
Initial Clue Answer % Correct
E Continuing forever; referring to something that does not end (11) Everlasting
83%
B Dense material, usually sand and stone, used as a weight to provide stability to a vehicle or structure (7) Ballast
67%
G Music festival in Somerset with hippie leanings (11) Glastonbury
50%
L Long-term; enduring (7) Lasting
50%
I Person who rejects tradition mixes up cola tonics (10) Iconoclast
33%
J Composer and big band leader sneakily steals jam (9) James Last
33%
O Russian region (6) Oblast
33%
R Technical term for a nose job (11) Rhinoplasty
33%
N Tiny man-made substance which is polluting the Pacific Ocean (11) Nanoplastic
17%
P Pertaining to volcanic materials or rocks formed by explosive eruptions (11) Pyroclastic
17%
S Educational (10) Scholastic
17%
U An explosion that exerts force away from the centre of the Earth (7) Upblast
17%
A Lab stats or manipulation of figures produce a primordial, star-shaped cell (10 letters) Astroblast
0%
C Coat cyclist turns inside out, which tends to destroy cells (11) Cytoclastic
0%
D Good sultan turns to district of Queens, NY with a Scottish name (10) Douglaston
0%
F Strange aerobic lifts, consisting of both stretchy and fibrous material (12) Fibroelastic
0%
H The endoderm of an embryo plays both ways, oddly (9) Hypoblast
0%
K Crazy spatial rocket referring to a transplant or reconstruction of the cornea (13) Keratoplastic
0%
M Let map miasmas guide us to cosmetic breast surgery (13) Mammaplasties
0%
Q Rapid hit of sprayable, sour candy brand (10) Quick Blast
0%
T Referring to the relationship between heat and change of shape in a material (13) Thermoelastic
0%
V Referring to materials that combine both fluid-like and malleable, but solid-like, properties, which deform under stress but also flow over time (12) Viscoelastic
0%
W In mining, a sudden rush of air or gas due to the collapse of a void (9) Windblast
0%
X Plate in a turtle's shell revealed by sixth polar pin (13) Xiphiplastron
0%
Y Thomas Hardy poem about one's tee shot at the 18th? (13) Your Last Drive
0%
Z Adjective meaning: which converts a substance into an enzyme (11) Zymoplastic
0%
No matching quizzes found
Score Distribution
Percent of People with Each Score
Percentile by Number Answered
Your Score History
You have not taken this quiz